Statistics for Indian English Numbering System - Powers of Ten

Click here to take the quiz!

General Stats

  • This quiz has been taken 24 times
  • The average score is 11 of 16

Answer Stats

English NameEnglish NumeralIndian NumeralIndian Name% Correct
one11one
90%
one hundred100100one hundred
90%
one hundred thousand100,0001,00,000one lakh
90%
one thousand1,0001,000one thousand
90%
ten1010ten
90%
ten thousand10,00010,000ten thousand
90%
ten million10,000,0001,00,00,000one crore
81%
one million1,000,00010,00,000ten lakh
81%
one hundred million100,000,00010,00,00,000ten crore
76%
one billion1,000,000,0001,00,00,00,000one arab / one hundred crore
67%
ten billion10,000,000,00010,00,00,00,000ten arab / one thousand crore
62%
one hundred billion100,000,000,0001,00,00,00,00,000one kharab / ten thousand crore
57%
one trillion1,000,000,000,00010,00,00,00,00,000one lakh crore / ten kharab
57%
one hundred trillion100,000,000,000,00010,00,00,00,00,00,000one crore crore / ten neel
43%
ten trillion10,000,000,000,0001,00,00,00,00,00,000ten lakh crore / one neel
43%
one quadrillion1,000,000,000,000,0001,00,00,00,00,00,00,000ten crore crore / one padm
38%

Score Distribution

Percentile by Number Answered

Percent of People with Each Score

Your Score History

You have not taken this quiz